Closest countries to Bangladesh - Statistics

General Stats
  • This quiz has been taken 26 times
  • The average score is 19 of 20
Answer Stats
Km Answer % Correct
1741 Afghanistan
100%
33 Bhutan
100%
1330 Cambodia
100%
94 China
100%
0 India
100%
780 Laos
100%
0 Myanmar
100%
22 Nepal
100%
1407 Pakistan
100%
985 Vietnam
100%
1719 Indonesia
95%
1888 Kazakhstan
95%
1932 Mongolia
95%
579 Thailand
95%
1871 Kyrgyzstan
90%
1779 Malaysia
90%
2111 Uzbekistan
90%
1628 Sri Lanka
86%
1725 Tajikistan
86%
2266 Turkmenistan
86%
No matching quizzes found
Score Distribution
Percent of People with Each Score
Percentile by Number Answered
Your Score History
You have not taken this quiz